| 000 | 00410nam a2200157Ia 4500 | ||
|---|---|---|---|
| 003 | IQ-KOUCL | ||
| 041 | _aKurdish | ||
| 082 | _a891.1 cut-24 ش | ||
| 100 | _a20260118u\\\\\\\\\\\y0engy0103\\\\ba | ||
| 100 | _aصڵاح شێخ شرف | ||
| 245 | 0 | _aهێمن و ئاوارەیى وغوربەتى | |
| 250 | _aچ1 | ||
| 260 |
_bجابخابەى شەهاب _aهەولیر _c2013 |
||
| 300 | _a63 | ||
| 942 | _cBk | ||
| 999 |
_c186929 _d186929 |
||